000 00467nam a22001817a 4500
005 20251108172533.0
008 250721s9999 xx 000 0 ara d
082 1 4 _a214.2/شلب
100 1 _aشلب، محمود
245 1 0 _aحياة إسماعيل /
250 _aط2
264 1 _aبيروت :
_bدار الجيل،
300 _a200 ص
650 1 7 _aالقرآن الكريم
650 1 7 _aقصص الأنبياء
942 _2ddc
_cBK
999 _c81899
_d81899